| 000 | 00431nam a2200145 a 4500 | ||
|---|---|---|---|
| 005 | 20140310183147.0 | ||
| 008 | 021111s19uu xx 00 eng d | ||
| 050 |
_aPN 6140.L7 _b.L68 1990 |
||
| 245 |
_aLove letters of the fifties / _cedited by Isagani S. Cruz. |
||
| 260 |
_aManila : _bBookmark Pub., _c1990. |
||
| 300 |
_a143 p. : _bill. ; _c21 cm. |
||
| 650 |
_aLove letters _xcollection |
||
| 942 |
_cBK _2lcc _kFLIR |
||
| 999 |
_c19554 _d19554 |
||